[Event "PRO League Group Stage"]
[Site "chess.com INT"]
[Date "2019.02.06"]
[Round "5"]
[White "Rosenthal, Nicholas"]
[Black "Moranda, Wojciech"]
[Result "0-1"]
[BlackTitle "GM"]
[WhiteElo "2180"]
[BlackElo "2593"]
[WhiteTeam "Saint Louis Arch Bishops"]
[BlackTeam "New York Marshalls"]
[WhiteFideId "2045150"]
[BlackFideId "1122401"]
[EventDate "2019.01.08"]

1. e4 c5 2. Nf3 e6 3. d3 Nc6 4. g3 d5 5. Nbd2 Nf6 6. Bg2 Be7 7. O-O b6 8. Re1
Bb7 9. c3 Qc7 10. a3 h6 11. Qc2 O-O 12. Nf1 c4 13. dxc4 dxe4 14. N3d2 Ne5 15.
Nxe4 Nxe4 16. Bxe4 Nf3+ 17. Bxf3 Bxf3 18. Bf4 Qb7 19. Nd2 Bc6 20. b4 Rac8 21.
Rad1 Rfd8 22. Nf1 Rxd1 23. Rxd1 Bf3 24. Rd4 Bf6 25. Rd6 g5 26. Be3 Bh1 27. f4
Rxc4 28. fxg5 hxg5 29. Bd4 Bxd4+ 30. Rxd4 Rxd4 31. cxd4 Be4 32. Qc1 Qd5 33. Qe3
Qf5 34. Nd2 Bd5 35. Nf1 f6 36. Nd2 Qc2 37. Kf2 Qd1 38. Qe2 Qh1 39. Qh5 Qg2+ 40.
Ke3 Kg7 41. Kd3 Bc6 42. Kc2 Ba4+ 43. Kc3 Qc6+ 44. Kd3 Bb5+ 45. Ke3 Qc3+ 46. Kf2
Qxd2+ 47. Kg1 Qe1+ 48. Kg2 Bc6+ 49. Kh3 Qf1+ 50. Kg4 Bf3# 0-1

[Event "PRO League Group Stage"]
[Site "chess.com INT"]
[Date "2019.02.06"]
[Round "5"]
[White "Iturrizaga Bonelli, Eduardo"]
[Black "Lenderman, Aleksandr"]
[Result "1/2-1/2"]
[WhiteTitle "GM"]
[BlackTitle "GM"]
[WhiteElo "2637"]
[BlackElo "2637"]
[WhiteTeam "Miami Champions"]
[BlackTeam "Montclair Sopranos"]
[WhiteFideId "3901211"]
[BlackFideId "2021285"]
[EventDate "2019.01.08"]

1. Nf3 d5 2. d4 Nf6 3. c4 e6 4. g3 Be7 5. Bg2 O-O 6. Nc3 c6 7. b3 b5 8. c5 Nbd7
9. Qc2 b4 10. Na4 a5 11. a3 Ba6 12. Bd2 Qb8 13. axb4 axb4 14. Bf4 Qb7 15. O-O
Ne4 16. Rfb1 Bb5 17. Nd2 f5 18. Nxe4 fxe4 19. Bh3 Rf6 20. Bg5 Rf7 21. Bxe7 Rxe7
22. Qd2 Qc7 23. Nb6 Rf8 24. Ra8 Rxa8 25. Nxa8 Qa5 26. Nb6 Nxb6 27. cxb6 Qxb6 28.
Qxb4 Kf7 29. Ra1 Ra7 30. Rxa7+ Qxa7 31. Qd6 Qe7 32. Qf4+ Qf6 33. Qc7+ Qe7 34.
Qf4+ Qf6 35. Qc7+ Qe7 1/2-1/2

[Event "PRO League Group Stage"]
[Site "chess.com INT"]
[Date "2019.02.06"]
[Round "5"]
[White "Haddouche, Mohamed"]
[Black "Smith, Daniel"]
[Result "1/2-1/2"]
[WhiteTitle "GM"]
[WhiteElo "2489"]
[BlackElo "2047"]
[WhiteTeam "Miami Champions"]
[BlackTeam "Montclair Sopranos"]
[WhiteFideId "7900660"]
[BlackFideId "2024195"]
[EventDate "2019.01.08"]

1. e4 c6 2. d4 d5 3. e5 Bf5 4. Nf3 e6 5. Be2 Ne7 6. O-O Ng6 7. Be3 Nd7 8. Nbd2
f6 9. c4 fxe5 10. dxe5 Ndxe5 11. Nd4 Qd7 12. cxd5 exd5 13. f4 Nf7 14. g4 Be4 15.
Nxe4 dxe4 16. Qb3 Nh4 17. Rad1 Nd6 18. Ne6 Qf7 19. Bc5 Nb5 20. Bxf8 Rxf8 21.
Bxb5 Nf3+ 22. Kh1 Ke7 23. Bc4 b5 24. Nxf8 Qxf4 25. Rxf3 exf3 26. Qb4+ Kf6 27.
Nd7+ Kg6 28. Bd3+ Kg5 29. Qxf4+ Kxf4 30. Nc5 Rd8 31. Kg1 Ke3 32. b4 f2+ 33. Kf1
Rd4 34. a3 Rxg4 35. Re1+ fxe1=Q+ 36. Kxe1 Rg1+ 37. Bf1 g5 38. Nd7 h5 39. Ne5 g4
40. Nxc6 h4 41. Ne7 g3 42. hxg3 hxg3 43. Nf5+ Kf4 44. Nh4 Kg4 45. Ng2 Kf3 46.
Nh4+ Kg4 47. Ng2 a6 48. Ke2 Rh1 49. Ne3+ Kh4 50. Kf3 Rh2 51. Bg2 Kg5 52. Kxg3
Rh8 53. Bb7 Rd8 54. Kf3 Rd3 55. Bxa6 Rxa3 56. Bxb5 Rb3 57. Bc4 Rxb4 58. Ke4 Kf6
59. Kd4 Rxc4+ 60. Nxc4 1/2-1/2

[Event "PRO League Group Stage"]
[Site "chess.com INT"]
[Date "2019.02.06"]
[Round "5"]
[White "Guseinov, Gadir"]
[Black "Katz, Alexander"]
[Result "1-0"]
[WhiteTitle "GM"]
[BlackTitle "IM"]
[WhiteElo "2664"]
[BlackElo "2433"]
[WhiteTeam "Montclair Sopranos"]
[BlackTeam "Miami Champions"]
[WhiteFideId "13401378"]
[BlackFideId "2039796"]
[EventDate "2019.01.08"]

1. e4 e5 2. Nf3 Nf6 3. d4 Nxe4 4. Bd3 d5 5. Nxe5 Bd6 6. O-O O-O 7. c4 c6 8. Nc3
Nxc3 9. bxc3 Nd7 10. Nxd7 Bxd7 11. cxd5 cxd5 12. Qh5 g6 13. Qxd5 Qc7 14. g3 Be6
15. Qf3 Qxc3 16. Rb1 Qxd4 17. Be4 Qg7 18. Rxb7 Rfe8 19. Rb5 Rab8 20. Bb2 Qxb2
21. Rxb2 Rxb2 22. Bd5 Bxd5 23. Qxd5 Bf8 24. Rc1 Ree2 25. Rc8 Rxf2 26. Qc5 Rg2+
27. Kf1 Rgf2+ 28. Ke1 Rfe2+ 29. Kd1 Red2+ 30. Kc1 Rdc2+ 31. Qxc2 Rxc2+ 32. Kxc2
Kg7 33. Kb3 h5 34. Rc7 a5 35. a3 g5 36. Ra7 Kg6 37. Rxa5 f5 38. Ra6+ Kg7 39. Kc4
Kf7 40. Kd5 h4 41. gxh4 gxh4 42. h3 Bg7 43. a4 Bc3 44. a5 Ke7 45. Ra7+ Kf6 46.
a6 Be1 47. Ra8 Bf2 48. a7 Bxa7 49. Rxa7 Kg5 50. Ke5 1-0

[Event "PRO League Group Stage"]
[Site "chess.com INT"]
[Date "2019.02.06"]
[Round "5"]
[White "Sevian, Samuel"]
[Black "Wang, Tianqi"]
[Result "1-0"]
[WhiteTitle "GM"]
[WhiteElo "2647"]
[BlackElo "2329"]
[WhiteTeam "Montclair Sopranos"]
[BlackTeam "Miami Champions"]
[WhiteFideId "2040506"]
[BlackFideId "2063824"]
[EventDate "2019.01.08"]

1. c4 Nf6 2. Nc3 e6 3. e4 c5 4. e5 Ng8 5. Nf3 Nc6 6. d4 cxd4 7. Nxd4 Nxe5 8.
Ndb5 a6 9. Nd6+ Bxd6 10. Qxd6 f6 11. Be2 Ne7 12. O-O Nf5 13. Qd1 Qc7 14. Bh5+ g6
15. Be2 O-O 16. b3 b5 17. f4 Nf7 18. Ne4 N7h6 19. Bb2 Bb7 20. Nxf6+ Rxf6 21.
Bxf6 Ne3 22. Be5 Qc8 23. Qd2 Nxf1 24. Rxf1 bxc4 25. bxc4 Nf5 26. Ba1 Qc6 27. Rf2
Rf8 28. Qb2 Kf7 29. Bf3 Qxc4 30. Qxb7 Qc1+ 31. Rf1 Qe3+ 32. Kh1 Qxf4 33. Qxd7+ 1-0

[Event "PRO League Group Stage"]
[Site "chess.com INT"]
[Date "2019.02.06"]
[Round "5"]
[White "Sai, Krishna G V"]
[Black "Robson, Ray"]
[Result "0-1"]
[WhiteTitle "IM"]
[BlackTitle "GM"]
[WhiteElo "2409"]
[BlackElo "2667"]
[WhiteTeam "Montreal Chessbrahs"]
[BlackTeam "Webster Windmills"]
[WhiteFideId "5028280"]
[BlackFideId "2023970"]
[EventDate "2019.01.08"]

1. e4 e5 2. Nf3 Nc6 3. Bb5 a6 4. Ba4 Nf6 5. O-O b5 6. Bb3 Bb7 7. c3 Nxe4 8. d4
exd4 9. Re1 d5 10. Ng5 Qd7 11. f3 h6 12. Nxf7 Qxf7 13. fxe4 O-O-O 14. Bxd5 Rxd5
15. exd5 Qxd5 16. Qg4+ Kb8 17. Re8+ Ka7 18. cxd4 Qf7 19. Re2 h5 20. Qf4 Qc4 21.
Nc3 Bd6 22. Qd2 Nxd4 23. Re1 Bc5 24. Kh1 Nf3 25. Qe2 Nxe1 26. Qxe1 Re8 27. Qd1
Qg4 28. Qxg4 Re1# 0-1

[Event "PRO League Group Stage"]
[Site "chess.com INT"]
[Date "2019.02.06"]
[Round "5"]
[White "Thavandiran, Shiyam"]
[Black "Durarbayli, Vasif"]
[Result "1/2-1/2"]
[WhiteTitle "IM"]
[BlackTitle "GM"]
[WhiteElo "2410"]
[BlackElo "2620"]
[WhiteTeam "Montreal Chessbrahs"]
[BlackTeam "Webster Windmills"]
[WhiteFideId "2605058"]
[BlackFideId "13402935"]
[EventDate "2019.01.08"]

1. e4 e5 2. Nf3 Nc6 3. Nc3 Nf6 4. Bb5 Bd6 5. d3 a6 6. Ba4 h6 7. O-O O-O 8. a3
Re8 9. Be3 Bf8 10. Nd5 d6 11. c4 Bd7 12. h3 Rc8 13. Re1 Nh7 14. Rc1 b6 15. b4
Nb8 16. Bb3 c5 17. Rb1 Nf6 18. bxc5 Nxd5 19. cxd5 dxc5 20. a4 b5 21. axb5 axb5
22. Ra1 Qb6 23. Qd2 Na6 24. Ra2 Qb7 25. Rea1 Ra8 26. Ra5 Kh7 27. Qb2 Bd6 28. Bd2
f6 29. R1a2 Nc7 30. Ne1 Rxa5 31. Rxa5 Ra8 32. Qa2 Rxa5 33. Qxa5 Qa6 34. Nc2 Qxa5
35. Bxa5 Na6 36. Bd2 h5 37. f3 f5 38. Ne3 f4 39. Nc2 g5 40. Kf2 Kg6 41. Ke2 Kf6
42. Be1 Bc7 43. Na3 Bb6 44. Nc2 Nc7 45. Bf2 Na8 46. Ba2 h4 47. Kd2 Ke7 48. Kc1
Kd6 49. Kd1 Kc7 50. Be1 Kd6 51. Bc3 Nc7 52. Bb2 Ne8 53. Ke2 Bd8 54. Na3 Bf6 55.
Nb1 Kc7 56. Nd2 Nd6 57. Nb3 Kb6 58. Bc3 Bc8 59. Be1 Ba6 60. Bf2 Nb7 61. Kd2 Be7
62. Kc2 Bd6 63. Kc3 Nd8 64. Bb1 Nf7 65. Bc2 Nh6 66. Bd1 Ng8 67. Be2 Nf6 68. Bd1
Nd7 69. Bg1 b4+ 70. Kc2 Bb5 71. Nd2 Kc7 72. Nc4 Nb6 73. Be2 Na4 74. Bf2 Nc3 75.
Bf1 Ba4+ 76. Kd2 Bb3 77. Be1 Nb5 78. Be2 Nc3 79. Bf1 Ba4 80. Kc1 Nb5 81. Be2 Nd4
82. Bd1 Bb5 83. Bc2 Kd7 84. Bd1 Bc7 85. Kb2 Bd6 86. Bf2 Kc7 87. Bb3 Ne2 88. Bd1
Nc3 89. Bb3 Bd7 90. Kc2 Nb5 91. Kd2 Nd4 92. Bxd4 cxd4 93. Nxd6 Kxd6 94. Kc2 Kc5
95. Kd2 Bb5 96. Kc2 Bd7 97. Kd2 Bb5 1/2-1/2

[Event "PRO League Group Stage"]
[Site "chess.com INT"]
[Date "2019.02.06"]
[Round "5"]
[White "Shimanov, Aleksandr"]
[Black "Noritsyn, Nikolay"]
[Result "1/2-1/2"]
[WhiteTitle "GM"]
[BlackTitle "IM"]
[WhiteElo "2610"]
[BlackElo "2484"]
[WhiteTeam "Webster Windmills"]
[BlackTeam "Montreal Chessbrahs"]
[WhiteFideId "4198603"]
[BlackFideId "2604922"]
[EventDate "2019.01.08"]

1. Nf3 e6 2. g3 d5 3. Bg2 Nf6 4. O-O b5 5. d3 Bb7 6. c4 bxc4 7. dxc4 c6 8. b3
Be7 9. Bb2 O-O 10. Nc3 Nbd7 11. Rc1 Rc8 12. e3 Ba6 13. Ne2 Qa5 14. Qc2 h6 15.
Rfd1 Rfd8 16. Nd2 Ba3 17. Nf4 Bxb2 18. Qxb2 Qb6 19. Nd3 c5 20. Qc2 Qa5 21. cxd5
exd5 22. Nf4 Ne5 23. Qf5 Nc6 24. Nxd5 Rxd5 25. Bxd5 Ne7 26. Bxf7+ Kxf7 27. Qc2
Qb4 28. Nc4 Bxc4 29. Qxc4+ Qxc4 30. Rxc4 Ned5 31. Rdc1 Nd7 32. Kg2 g5 33. Rd1
N5b6 34. Rc2 Ke6 35. Rcd2 Rc6 36. g4 c4 37. bxc4 Ne5 38. h3 Nbxc4 39. Rd8 Nd6
40. Rd4 Nef7 41. Ra8 Ra6 42. a4 Ne5 43. Rd8 Nef7 44. Rg8 Rb6 45. f4 Rb2+ 46. Kf3
Rb3 47. Rg6+ Ke7 48. a5 gxf4 49. Kxf4 Ra3 50. h4 Rxa5 51. e4 Ra1 52. e5 Rf1+ 53.
Kg3 Ne8 54. Ra6 Kf8 55. Rf4 Rxf4 56. Kxf4 Ng7 57. Rxa7 Nd8 58. h5 Nde6+ 59. Ke4
Ng5+ 60. Kd5 N7e6 61. Kd6 Nf4 62. Ra1 Nf7+ 63. Kc5 Nd3+ 64. Kd4 Ndxe5 65. Ke4
Nxg4 66. Kf5 Nge5 67. Ra8+ Kg7 68. Ra7 Nf3 69. Kg4 Ng5 70. Kf5 Nf3 71. Kg4 Ne5+
72. Kf5 Nf3 73. Kg4 1/2-1/2

[Event "PRO League Group Stage"]
[Site "chess.com INT"]
[Date "2019.02.06"]
[Round "5"]
[White "Grabinsky, Joshua"]
[Black "Saric, Ivan"]
[Result "0-1"]
[WhiteTitle "CM"]
[BlackTitle "GM"]
[WhiteElo "2078"]
[BlackElo "2690"]
[WhiteTeam "Webster Windmills"]
[BlackTeam "Montreal Chessbrahs"]
[WhiteFideId "30919754"]
[BlackFideId "14508150"]
[EventDate "2019.01.08"]

1. d4 Nf6 2. Nf3 g6 3. g3 c5 4. c3 Qa5 5. Bg2 cxd4 6. Nxd4 Bg7 7. O-O O-O 8. Nd2
Nc6 9. N2b3 Qh5 10. e4 a5 11. Qxh5 Nxh5 12. Be3 a4 13. Nd2 a3 14. b3 Nf6 15. h3
d6 16. Rac1 Bd7 17. Nc4 Ra6 18. f4 Rc8 19. Rfd1 Ne8 20. Nxc6 Bxc6 21. Bd4 b5 22.
Nd2 e5 23. fxe5 dxe5 24. Bc5 Bh6 25. Rb1 Bxd2 26. Rxd2 Bxe4 27. Bxe4 Rxc5 28.
Rd8 Kf8 29. c4 Rd6 30. Ra8 bxc4 31. bxc4 Rxc4 32. Bg2 Rd2 33. Rxa3 Rcc2 34. Be4
Rxa2 35. Rxa2 Rxa2 36. Rb8 Ra1+ 37. Kf2 Ke7 38. g4 Nd6 39. Bd5 Rd1 40. Bf3 Rd2+
41. Kf1 f5 42. gxf5 gxf5 43. Rh8 e4 44. Rxh7+ Kf6 45. Be2 f4 46. Bg4 f3 47. Rh8
e3 48. Bxf3 Rf2+ 49. Ke1 Rxf3 50. Ke2 Rg3 51. Rh6+ Ke5 52. Rh8 Nf5 53. Kd3 Rg2
54. Kc3 Kf4 55. Re8 Rh2 56. Kd3 Rd2+ 57. Kc3 Rd7 58. Kc2 e2 59. Kc3 Ne3 0-1

[Event "PRO League Group Stage"]
[Site "chess.com INT"]
[Date "2019.02.06"]
[Round "5"]
[White "Erenburg, Sergey"]
[Black "Edouard, Romain"]
[Result "1/2-1/2"]
[WhiteTitle "GM"]
[BlackTitle "GM"]
[WhiteElo "2589"]
[BlackElo "2643"]
[WhiteTeam "Pittsburgh Pawngrabbers"]
[BlackTeam "London Lions"]
[WhiteFideId "2805642"]
[BlackFideId "633429"]
[EventDate "2019.01.08"]

1. e4 c5 2. Nf3 d6 3. Bb5+ Nd7 4. c3 Nf6 5. Qe2 a6 6. Ba4 b5 7. Bc2 g6 8. O-O
Bg7 9. d4 cxd4 10. cxd4 O-O 11. Nc3 Nb6 12. Bg5 Bg4 13. h3 Bxf3 14. Qxf3 Nfd7
15. Rad1 Rc8 16. Bb3 Nc4 17. Nd5 f6 18. Bc1 e6 19. Nf4 Qe7 20. Rfe1 Rfe8 21. Qg3
Qf7 22. d5 e5 23. Ne6 Nc5 24. Nxc5 Rxc5 25. f4 Bh6 26. fxe5 Bxc1 27. e6 Qa7 28.
Rxc1 Rxd5+ 29. Kh1 Rd4 30. Qf2 Qc5 31. Qxf6 Rf8 32. Qe7 Qc8 33. Rf1 Qe8 34.
Rxf8+ Qxf8 35. Qh4 d5 36. Re1 Kg7 37. e7 Qf7 38. Qg5 Qe6 39. e5 Nd6 40. Qf6+
Qxf6 41. exd6 Re4 42. Rxe4 Qf1+ 43. Kh2 dxe4 44. e8=Q Qf4+ 45. Kg1 Qe3+ 46. Kf1
Qd3+ 47. Kf2 Qd2+ 48. Kg3 Qxd6+ 49. Kf2 Qd2+ 50. Kf1 Qd3+ 51. Ke1 Qe3+ 52. Kd1
Qd3+ 53. Kc1 Qe3+ 54. Kc2 Qd3+ 55. Kc1 Qe3+ 56. Kd1 Qd3+ 57. Ke1 Qe3+ 58. Kf1
Qd3+ 59. Kg1 Qe3+ 60. Kh1 Qc1+ 61. Kh2 Qf4+ 62. Kg1 Qe3+ 63. Kf1 Qd3+ 64. Ke1
Qe3+ 65. Kd1 Qd3+ 66. Kc1 Qe3+ 67. Kc2 Qd3+ 68. Kc1 Qe3+ 69. Kb1 Qd3+ 70. Kc1 1/2-1/2

[Event "PRO League Group Stage"]
[Site "chess.com INT"]
[Date "2019.02.06"]
[Round "5"]
[White "Postny, Evgeny"]
[Black "Movsesian, Sergei"]
[Result "1-0"]
[WhiteTitle "GM"]
[BlackTitle "GM"]
[WhiteElo "2623"]
[BlackElo "2629"]
[WhiteTeam "Pittsburgh Pawngrabbers"]
[BlackTeam "London Lions"]
[WhiteFideId "2804344"]
[BlackFideId "310204"]
[EventDate "2019.01.08"]

1. d4 Nf6 2. c4 g6 3. Nc3 Bg7 4. e4 d6 5. Nf3 O-O 6. Be2 e5 7. Be3 Ng4 8. Bg5 f6
9. Bh4 c6 10. d5 h5 11. Nd2 a5 12. h3 Nh6 13. f3 Nf7 14. Bf2 Bh6 15. c5 dxc5 16.
Bxc5 Re8 17. Nc4 b5 18. Nb6 Nd7 19. Nxa8 Nxc5 20. dxc6 Qe7 21. Nd5 Qd6 22. Nac7
Rd8 23. Nxb5 Qe6 24. Qc2 Na6 25. Na7 Nb4 26. Nxb4 Bd2+ 27. Kf1 Bxb4 28. Bc4 Ba6
29. Bxa6 Rd2 30. Qc4 Qd6 31. Kg1 Kg7 32. h4 Bc5+ 33. Kh2 Bxa7 34. c7 Qb6 35.
Rhg1 Qf2 36. c8=Q 1-0

[Event "PRO League Group Stage"]
[Site "chess.com INT"]
[Date "2019.02.06"]
[Round "5"]
[White "Roberson, Peter T"]
[Black "Heimann, Mark"]
[Result "0-1"]
[WhiteTitle "IM"]
[BlackTitle "FM"]
[WhiteElo "2420"]
[BlackElo "2367"]
[WhiteTeam "London Lions"]
[BlackTeam "Pittsburgh Pawngrabbers"]
[WhiteFideId "412384"]
[BlackFideId "2028441"]
[EventDate "2019.01.08"]

1. e4 c5 2. Nc3 e6 3. g3 Nc6 4. Nge2 Nf6 5. Bg2 Be7 6. O-O O-O 7. d4 cxd4 8.
Nxd4 d6 9. Re1 Bd7 10. Ndb5 Qb8 11. Bf4 Ne5 12. a4 a6 13. Nd4 Rc8 14. Bxe5 dxe5
15. Nb3 Bb4 16. Re3 Bxc3 17. bxc3 Rc4 18. a5 Qc7 19. Qd2 Rc8 20. Rd1 Rxc3 21.
Rxc3 Qxc3 22. f4 Qxd2 23. Rxd2 Bc6 24. Nc5 Kf8 25. fxe5 Ng4 26. Nd3 Ne3 27. Nb4
Nc4 28. Rd4 Nxa5 29. Bf1 Ke7 30. Kf2 Be8 31. Ke3 Rc5 32. Kf4 h6 33. h4 Nc6 34.
Nxc6+ Bxc6 35. Bd3 a5 36. c4 a4 37. Bb1 a3 38. Ba2 b5 39. cxb5 Rxb5 40. Rd3 g5+
41. hxg5 hxg5+ 42. Kxg5 Rxe5+ 43. Kh6 Ra5 44. e5 Bd5 45. Rd2 Kf8 46. g4 Ra4 47.
Kg5 Kg7 48. Bxd5 exd5 49. Ra2 d4 50. Kf4 Kg6 51. g5 d3+ 52. Ke3 Kxg5 53. Kxd3
Kf5 54. Kc3 Kxe5 55. Kb3 Ra8 56. Re2+ Kf6 57. Ka2 Kg7 58. Rg2+ Kf8 59. Rf2 Ra5
60. Kb3 a2 61. Rxa2 Rxa2 62. Kxa2 Ke7 63. Kb3 Kf6 64. Kc4 Ke5 65. Kd3 Kf4 66.
Ke2 Kg3 67. Ke3 f5 68. Ke2 f4 69. Ke1 Kg2 0-1

[Event "PRO League Group Stage"]
[Site "chess.com INT"]
[Date "2019.02.06"]
[Round "5"]
[White "Toma, Katarzyna"]
[Black "Brattain, Mika"]
[Result "0-1"]
[WhiteTitle "WGM"]
[WhiteElo "2173"]
[BlackElo "2411"]
[WhiteTeam "London Lions"]
[BlackTeam "Pittsburgh Pawngrabbers"]
[WhiteFideId "1119907"]
[BlackFideId "2071142"]
[EventDate "2019.01.08"]

1. e4 c6 2. d4 d5 3. e5 Bf5 4. Nc3 a6 5. Be2 c5 6. g4 Bd7 7. Be3 cxd4 8. Qxd4 e6
9. f4 Nc6 10. Qb6 Qxb6 11. Bxb6 g5 12. fxg5 Bg7 13. h4 Nxe5 14. O-O-O Ne7 15.
Nf3 Nxf3 16. Bxf3 Nc6 17. Rhe1 O-O 18. h5 Rac8 19. Ne2 Ne5 20. Nd4 Nc4 21. Ba7
b6 22. b3 Na3 23. Bxb6 Bxd4 24. Rxd4 Nxc2 0-1

[Event "PRO League Group Stage"]
[Site "chess.com INT"]
[Date "2019.02.06"]
[Round "5"]
[White "Caruana, Fabiano"]
[Black "Khamrakulov, Djurabek"]
[Result "1-0"]
[WhiteTitle "GM"]
[BlackTitle "GM"]
[WhiteElo "2828"]
[BlackElo "2503"]
[WhiteTeam "Saint Louis Arch Bishops"]
[BlackTeam "New York Marshalls"]
[WhiteFideId "2020009"]
[BlackFideId "14201143"]
[EventDate "2019.01.08"]

1. e4 c6 2. d4 d5 3. exd5 cxd5 4. Bd3 Nc6 5. c3 Qc7 6. h3 Nf6 7. Nf3 g6 8. O-O
Bg7 9. Re1 O-O 10. Nbd2 Re8 11. Nf1 Nh5 12. Ne3 Nf4 13. Bf1 Bd7 14. h4 Qd6 15.
g3 Nh5 16. Bg2 Nf6 17. Nc2 Nh5 18. b3 Bf5 19. a4 Qc7 20. Ne3 Be4 21. Ba3 Rad8
22. b4 e5 23. b5 exd4 24. cxd4 Bxf3 25. Bxf3 Nxd4 26. Bxh5 gxh5 27. Bb2 Re4 28.
Qxh5 Rde8 29. Kg2 Nc2 30. Bxg7 Nxe1+ 31. Rxe1 Kxg7 32. Qg5+ Kh8 33. Qf6+ Kg8 34.
Nf5 1-0

[Event "PRO League Group Stage"]
[Site "chess.com INT"]
[Date "2019.02.06"]
[Round "5"]
[White "So, Wesley"]
[Black "Xu, Grant"]
[Result "1/2-1/2"]
[WhiteTitle "GM"]
[WhiteElo "2765"]
[BlackElo "2207"]
[WhiteTeam "Saint Louis Arch Bishops"]
[BlackTeam "New York Marshalls"]
[WhiteFideId "5202213"]
[BlackFideId "2052318"]
[EventDate "2019.01.08"]

1. d4 e6 2. c4 Nf6 3. Nc3 Bb4 4. e3 O-O 5. Bd3 c5 6. Nf3 d5 7. cxd5 Nxd5 8. O-O
cxd4 9. exd4 Be7 10. Qe2 Nc6 11. Qe4 f5 12. Qe2 Bf6 13. Nxd5 exd5 14. Be3 Re8
15. Qd2 Bd7 16. Bb5 Na5 17. Bd3 Rc8 18. b3 Nc6 19. Rac1 Qb6 20. Bb1 f4 21. Bxf4
Nxd4 22. Nxd4 Rxc1 23. Qxc1 Bxd4 24. Qd2 Bb5 25. Bd3 Bxd3 26. Qxd3 Bxf2+ 27. Kh1
Qd4 28. Qb5 Re4 29. Rxf2 Re1+ 30. Rf1 a6 31. Qxd5+ Qxd5 32. Rxe1 Qa5 33. Re8+
Kf7 34. Re2 Qd5 35. Kg1 g5 36. Be3 h6 37. h3 h5 38. Rd2 Qe5 39. Bf2 g4 40. hxg4
hxg4 41. g3 b5 42. Rd4 Qe2 43. a4 bxa4 44. bxa4 Kg6 1/2-1/2

[Event "PRO League Group Stage"]
[Site "chess.com INT"]
[Date "2019.02.06"]
[Round "5"]
[White "Moranda, Wojciech"]
[Black "Niemann, Hans"]
[Result "1-0"]
[WhiteTitle "GM"]
[BlackTitle "IM"]
[WhiteElo "2593"]
[BlackElo "2466"]
[WhiteTeam "New York Marshalls"]
[BlackTeam "Saint Louis Arch Bishops"]
[WhiteFideId "1122401"]
[BlackFideId "2093596"]
[EventDate "2019.01.08"]

1. d4 Nf6 2. c4 e6 3. Nf3 b6 4. g3 Bb7 5. Bg2 Be7 6. O-O O-O 7. Re1 d6 8. d5 e5
9. Nc3 a5 10. e4 Na6 11. a3 Nc5 12. b3 c6 13. Rb1 cxd5 14. cxd5 Ba6 15. Bf1 Bxf1
16. Kxf1 b5 17. b4 axb4 18. Rxb4 Qd7 19. Kg2 Bd8 20. Bg5 Rxa3 21. Nxb5 Ba5 22.
Nxa3 Bxb4 23. Bxf6 Bxe1 24. Qxe1 gxf6 25. Nc4 f5 26. exf5 f6 27. Ne3 Qb5 28. Nd2
Qd3 29. Ndc4 Qe4+ 30. f3 Qd4 31. Nxd6 Nd3 32. Qe2 Rb8 33. Ndc4 Kh8 34. d6 Nb2
35. Nd2 Nd3 36. Nec4 Nf4+ 37. gxf4 Rg8+ 38. Kh3 Qxf4 39. Qe4 Qh6+ 40. Qh4 Qg7
41. Ne3 Rb8 42. Ne4 Rb3 43. d7 Rd3 44. Qxf6 Rxd7 45. Ng4 Qxf6 46. Nexf6 Re7 47.
Ne4 Kg8 48. Kh4 1-0

[Event "PRO League Group Stage"]
[Site "chess.com INT"]
[Date "2019.02.06"]
[Round "5"]
[White "Azarov, Sergei"]
[Black "Rosenthal, Nicholas"]
[Result "1/2-1/2"]
[WhiteTitle "GM"]
[WhiteElo "2575"]
[BlackElo "2180"]
[WhiteTeam "New York Marshalls"]
[BlackTeam "Saint Louis Arch Bishops"]
[WhiteFideId "13501470"]
[BlackFideId "2045150"]
[EventDate "2019.01.08"]

1. e4 e6 2. d4 d5 3. Nd2 dxe4 4. Nxe4 Nd7 5. Nf3 Ngf6 6. Nxf6+ Nxf6 7. Be3 Bd6
8. Bd3 Nd5 9. Bg5 Be7 10. Bxe7 Qxe7 11. Qd2 Bd7 12. O-O-O O-O-O 13. Ne5 Kb8 14.
Kb1 Bc8 15. Rhe1 Nb6 16. Bf1 Nd7 17. Nd3 Qd6 18. Qf4 Qxf4 19. Nxf4 Nf6 20. f3
Rhe8 21. Kc1 c6 22. c3 Kc7 23. Nd3 Nd7 24. h4 b6 25. Kc2 Ba6 26. f4 Bxd3+ 27.
Bxd3 h6 28. a4 Nf6 29. g3 Nd5 30. Re5 Kd6 31. Rde1 Nc7 32. b4 Rb8 33. c4 Kd7 34.
Kc3 Rbc8 35. f5 Kd6 36. fxe6 fxe6 37. R1e4 Rf8 38. Rg4 Rf7 39. Rg6 Rcf8 40. h5
Re7 41. g4 Rf3 42. g5 hxg5 43. Rexg5 Ne8 44. Kd2 Rh3 45. a5 Rh4 46. Kc3 Rh3 47.
Kd2 Rh4 48. Kc3 Rh3 49. Kd2 Rh4 1/2-1/2

[Event "PRO League Group Stage"]
[Site "chess.com INT"]
[Date "2019.02.06"]
[Round "5"]
[White "Sevian, Samuel"]
[Black "Iturrizaga Bonelli, Eduardo"]
[Result "0-1"]
[WhiteTitle "GM"]
[BlackTitle "GM"]
[WhiteElo "2647"]
[BlackElo "2637"]
[WhiteTeam "Montclair Sopranos"]
[BlackTeam "Miami Champions"]
[WhiteFideId "2040506"]
[BlackFideId "3901211"]
[EventDate "2019.01.08"]

1. e4 c5 2. Nf3 g6 3. d4 cxd4 4. Nxd4 Nc6 5. c4 Bg7 6. Be3 Nf6 7. Nc3 O-O 8. Be2
d6 9. O-O Bd7 10. Rc1 Nxd4 11. Bxd4 Bc6 12. f3 a5 13. b3 Nd7 14. Be3 Nc5 15. Qd2
Be5 16. Bg5 Ne6 17. Bh6 Qb6+ 18. Kh1 Rfc8 19. f4 Bxc3 20. Rxc3 Bxe4 21. f5 Bxf5
22. Rxf5 gxf5 23. Rg3+ Kh8 24. Bh5 f4 25. Rg4 Rg8 26. Rxg8+ Kxg8 27. Qd1 Qd4 28.
Qg4+ Ng7 29. h4 Qe5 30. Bxg7 Qxg7 31. Qxf4 Qa1+ 32. Kh2 Qe5 33. Bxf7+ Kg7 34.
Qxe5+ dxe5 35. Bd5 Rb8 36. g4 b6 37. Kg3 Rf8 38. a3 Rf1 39. Kg2 Ra1 40. a4 h6
41. Kf3 Kf6 42. Ke3 Rb1 43. c5 bxc5 44. Bc4 Rh1 45. Ke4 Rxh4 46. Kd5 Rxg4 47.
Kxc5 h5 48. b4 axb4 49. a5 e6 50. a6 Rg7 51. Kxb4 e4 52. Kc5 h4 53. Bf1 Ke5 0-1